000 00326 a2200109 4500
001 ART_45471
005 20260410162040.0
008 260409a
245 1 0 _aLa influencia del impuesto a las ganancias en los sueldos
100 1 _aCeteri, José Luis
773 0 _tImpuestos
_g- Nº 23 (mar. 2018)
_wREV45175
999 _c34825
_d34825